[Event "Nienberge- Hemer"]
[Site "?"]
[Date "2023.02.19"]
[Round "5.3"]
[White "Leonard, Timo"]
[Black "Kemper, Georg"]
[Result "1-0"]
[WhiteElo "2196"]
[BlackElo "2007"]
[PlyCount "41"]
[SourceVersionDate "2023.06.22"]

1. d4 e6 2. e4 d5 3. Nd2 Nc6 4. Ngf3 Nf6 5. e5 Nd7 6. Nb3 a5 7. a4 b6 8. Bb5
Na7 9. Be2 c5 10. c4 dxc4 11. Bxc4 cxd4 12. O-O Qc7 13. Qe2 Bc5 14. Bf4 Nc6 15.
Rac1 Bb7 16. Rfd1 g5 17. Nxg5 Ncxe5 18. Nxd4 Nf3+ 19. Ndxf3 Qxf4 20. Bxe6 O-O-O
21. Nxf7 1-0

[Event "Nienberge- Hemer"]
[Site "?"]
[Date "2023.02.19"]
[Round "5.4"]
[White "Ringwelski, Marius"]
[Black "Jagodzinsky, Andreas"]
[Result "1/2-1/2"]
[WhiteElo "2001"]
[BlackElo "2163"]
[PlyCount "64"]
[SourceVersionDate "2023.06.22"]

1. d4 d5 2. Nf3 Nf6 3. c4 c6 4. e3 e6 5. Nc3 Nbd7 6. Qc2 Bd6 7. Bd3 O-O 8. O-O
dxc4 9. Bxc4 b5 10. Be2 Bb7 11. a3 Qb8 12. h3 Rc8 13. b4 a5 14. Rb1 axb4 15.
axb4 e5 16. Ng5 h6 17. Nge4 Bf8 18. f4 exd4 19. exd4 Re8 20. Bf3 Qa7 21. Nc5
Qb6 22. g4 Nxc5 23. dxc5 Bxc5+ 24. bxc5 Qxc5+ 25. Rf2 Re1+ 26. Kg2 Qb6 27. Bd2
Re7 28. g5 hxg5 29. fxg5 Nd5 30. Nxd5 cxd5 31. Bb4 Re5 32. h4 d4 1/2-1/2

[Event "Nienberge- Hemer"]
[Site "?"]
[Date "2023.02.19"]
[Round "5.5"]
[White "Stoering, Marc"]
[Black "Keller, Dirk"]
[Result "1/2-1/2"]
[WhiteElo "1931"]
[BlackElo "1950"]
[PlyCount "28"]
[SourceVersionDate "2023.06.22"]

1. Nf3 d5 2. d4 c5 3. e3 cxd4 4. exd4 Qc7 5. Be2 Bg4 6. O-O Nc6 7. c3 e6 8. Bg5
Bd6 9. Nbd2 f6 10. Bh4 Nge7 11. Bg3 O-O 12. Bxd6 Qxd6 13. h3 Bh5 14. Re1 Rfe8
1/2-1/2

[Event "Nienberge- Hemer"]
[Site "?"]
[Date "2023.02.19"]
[Round "5.6"]
[White "Gottkehaskamp, Philipp"]
[Black "Dat Trinh, Fabian"]
[Result "1/2-1/2"]
[WhiteElo "2067"]
[BlackElo "1857"]
[PlyCount "67"]
[SourceVersionDate "2023.06.22"]

1. d4 d5 2. Nf3 Nf6 3. c4 e6 4. g3 Be7 5. Bg2 O-O 6. O-O dxc4 7. Ne5 Nc6 8.
Nxc6 bxc6 9. Na3 Bxa3 10. bxa3 Nd5 11. Qa4 Nb6 12. Qxc6 Rb8 13. Bf4 Bb7 14.
Qxc7 Bxg2 15. Qxd8 Rbxd8 16. Kxg2 Rxd4 17. Be3 Rd7 18. Rfc1 Rc8 19. Bxb6 axb6
20. Rab1 Rc6 21. Rb4 c3 22. Rb3 c2 23. Kf3 Kf8 24. Rd3 Rdc7 25. e3 Ke7 26. Ke2
h5 27. Rb3 Kf6 28. Rb5 Ra7 29. Rb3 g6 30. Kd2 Rd7+ 31. Rd3 Rdc7 32. Rb3 Rd7+
33. Rd3 Rdc7 34. Rb3 1/2-1/2

[Event "Nienberge- Hemer"]
[Site "?"]
[Date "2023.02.19"]
[Round "5.7"]
[White "Dartmann, Catriona"]
[Black "Emiroglu, Murat"]
[Result "0-1"]
[WhiteElo "1883"]
[BlackElo "2127"]
[PlyCount "54"]
[SourceVersionDate "2023.06.22"]

1. e4 c5 2. Nf3 d6 3. Bb5+ Bd7 4. Bxd7+ Qxd7 5. O-O Nc6 6. c3 Nf6 7. Re1 e6 8.
d4 d5 9. exd5 Qxd5 10. c4 Qxc4 11. b3 Qa6 12. dxc5 Bxc5 13. Bb2 Rd8 14. Qc2 Be7
15. Nbd2 Nb4 16. Qc4 Qxc4 17. Nxc4 Nc2 18. Red1 Nxa1 19. Rxd8+ Bxd8 20. Nd6+
Ke7 21. Ba3 Bc7 22. Nxb7+ Kd7 23. Ne1 Kc6 24. Nc5 Bd6 25. b4 Bxc5 26. bxc5 Rb8
27. Kf1 Rb1 0-1

[Event "Nienberge- Hemer"]
[Site "?"]
[Date "2023.02.19"]
[Round "5.8"]
[White "Haas, Kai"]
[Black "Naumenko, Valerija"]
[Result "1-0"]
[WhiteElo "1968"]
[BlackElo "1770"]
[PlyCount "51"]
[SourceVersionDate "2023.06.22"]

1. d3 e5 2. f4 Nc6 3. e4 d5 4. Nc3 dxe4 5. Nxe4 Be7 6. Nf3 Bg4 7. Be2 Bxf3 8.
Bxf3 Qd4 9. c3 Qd7 10. fxe5 Nxe5 11. d4 Nxf3+ 12. Qxf3 O-O-O 13. O-O Nf6 14.
Ng3 Rdg8 15. Nf5 Bd8 16. b3 g5 17. Bb2 h5 18. c4 Rh7 19. d5 Rg6 20. Rad1 g4 21.
Qd3 h4 22. d6 c6 23. Rde1 Nh5 24. Re7 Bxe7 25. Nxe7+ Kb8 26. Nxg6 1-0

[Event "Brackel- Lieme"]
[Site "?"]
[Date "2022.11.06"]
[Round "4.2"]
[White "Luft, Dennis"]
[Black "Wittke, Rene"]
[Result "1/2-1/2"]
[WhiteElo "2319"]
[BlackElo "2317"]
[PlyCount "40"]
[SourceVersionDate "2023.06.22"]

1. e4 c5 2. d3 Nc6 3. g3 g6 4. Bg2 Bg7 5. f4 e6 6. c3 Nge7 7. Be3 b6 8. Nf3 O-O
9. O-O Bb7 10. d4 d6 11. dxc5 dxc5 12. Na3 Qxd1 13. Rfxd1 Rad8 14. Kf2 Rxd1 15.
Rxd1 Rd8 16. Rxd8+ Nxd8 17. e5 f6 18. Nc4 Bd5 19. exf6 Bxf6 20. Nfe5 Ndc6
1/2-1/2

[Event "Brackel- Lieme"]
[Site "?"]
[Date "2022.11.06"]
[Round "4.3"]
[White "Bentel, Robin"]
[Black "Kartsev, Soel"]
[Result "1/2-1/2"]
[WhiteElo "2201"]
[BlackElo "2163"]
[PlyCount "208"]
[SourceVersionDate "2023.06.22"]

1. d4 Nf6 2. c4 e6 3. Nf3 c5 4. d5 d6 5. Nc3 exd5 6. cxd5 g6 7. Nd2 Bg7 8. e4
O-O 9. Be2 Na6 10. O-O Nc7 11. a4 a6 12. Qc2 Rb8 13. Rb1 b5 14. axb5 axb5 15.
b4 c4 16. h3 Nd7 17. Nf3 f5 18. exf5 Rxf5 19. g4 Rxf3 20. Bxf3 Qf6 21. Qe2 Qxc3
22. Bb2 Qd3 23. Qxd3 cxd3 24. Bxg7 Kxg7 25. Rfd1 Bb7 26. Bg2 Nxd5 27. Rxd3 Nf4
28. Rxd6 Ne5 29. Bxb7 Rxb7 30. Rb3 g5 31. Kh2 Rc7 32. Rb6 Rc2 33. Rxb5 Rxf2+
34. Kg1 Re2 35. Rb7+ Kf6 36. Rxh7 Re1+ 37. Kh2 Re2+ 38. Kg1 Nfd3 39. Rxd3 Nxd3
40. h4 gxh4 41. Rxh4 Kg5 42. Rh3 Rd2 43. b5 Rd1+ 44. Kh2 Kf4 45. Kg2 Rd2+ 46.
Kf1 Ne5 47. Ke1 Rb2 48. Kd1 Ke4 49. Kc1 Rxb5 50. g5 Rc5+ 51. Kb2 Nd3+ 52. Kb3
Rb5+ 53. Ka4 Rxg5 54. Rh4+ Kd5 55. Kb3 Nc5+ 56. Kc3 Ne4+ 57. Kd3 Nc5+ 58. Ke3
Ke5 59. Kf3 Ne6 60. Re4+ Kf5 61. Ra4 Kf6 62. Rb4 Ra5 63. Rc4 Kf5 64. Rb4 Ra3+
65. Ke2 Ke5 66. Kf2 Nf4 67. Rb5+ Ke4 68. Rb4+ Kf5 69. Rb5+ Kg4 70. Rb8 Rf3+ 71.
Ke1 Re3+ 72. Kd2 Kf3 73. Rc8 Rd3+ 74. Kc2 Rd7 75. Re8 Ng2 76. Rf8+ Ke4 77. Kc3
Rc7+ 78. Kd2 Nf4 79. Re8+ Kd4 80. Rd8+ Ke4 81. Re8+ Kf3 82. Re3+ Kf2 83. Re8
Rc6 84. Re7 Rd6+ 85. Kc2 Nd5 86. Re8 Rd7 87. Kb3 Ne7 88. Rh8 Ke3 89. Rh3+ Kd4
90. Rh4+ Kc5 91. Rc4+ Kd5 92. Rh4 Nc6 93. Kc3 Rg7 94. Rh5+ Ne5 95. Kb3 Rg4 96.
Kc3 Rc4+ 97. Kd2 Rd4+ 98. Kc3 Rd3+ 99. Kc2 Rg3 100. Kd2 Kd4 101. Rh4+ Ng4 102.
Kc2 Kc4 103. Kd2 Rg2+ 104. Ke1 Kd3 1/2-1/2

[Event "Brackel- Lieme"]
[Site "?"]
[Date "2022.11.06"]
[Round "4.4"]
[White "Fluechter, Gregor"]
[Black "Himpenmacher, Andy"]
[Result "1/2-1/2"]
[WhiteElo "2264"]
[BlackElo "2199"]
[PlyCount "30"]
[SourceVersionDate "2023.06.22"]

1. e4 e6 2. d4 d5 3. Nc3 Nf6 4. Bg5 dxe4 5. Nxe4 Be7 6. Bxf6 Bxf6 7. Nf3 Bd7 8.
Bd3 Bc6 9. c3 Bxe4 10. Bxe4 c6 11. Qe2 Nd7 12. O-O O-O 13. Rad1 Qa5 14. Bb1
Rfe8 15. Rfe1 Rad8 1/2-1/2

[Event "Brackel- Lieme"]
[Site "?"]
[Date "2022.11.06"]
[Round "4.5"]
[White "Essing, Arnold"]
[Black "Prieb, Robert"]
[Result "1-0"]
[WhiteElo "2209"]
[BlackElo "2114"]
[PlyCount "59"]
[SourceVersionDate "2023.06.22"]

1. d4 Nf6 2. Nf3 g6 3. c4 Bg7 4. Nc3 d5 5. cxd5 Nxd5 6. Na4 O-O 7. e4 Nb6 8.
Nc5 N8d7 9. Qc2 e5 10. Bg5 Qe8 11. d5 Nxc5 12. Qxc5 f6 13. Bd2 Rf7 14. Bd3 Bf8
15. Qc2 Bd7 16. O-O c6 17. dxc6 Bxc6 18. Be3 Bb5 19. Bxb6 axb6 20. Rfd1 Bxd3
21. Rxd3 Qe6 22. Rd5 Rc8 23. Qb3 Rfc7 24. Rad1 Rc4 25. Rd7 Kh8 26. h3 Qc6 27.
Rf7 Rc1 28. Kh2 Bh6 29. Rdd7 Bf4+ 30. g3 1-0

[Event "Brackel- Lieme"]
[Site "?"]
[Date "2022.11.06"]
[Round "4.6"]
[White "Steinmetzer, Thomas"]
[Black "Schaffarczyk, Andre"]
[Result "1/2-1/2"]
[WhiteElo "2226"]
[BlackElo "2148"]
[PlyCount "27"]
[SourceVersionDate "2023.06.22"]

1. e4 c5 2. Nf3 Nc6 3. d4 cxd4 4. Nxd4 Nf6 5. Nc3 d6 6. Bg5 Bd7 7. Qd2 Rc8 8.
O-O-O Nxd4 9. Qxd4 Qa5 10. Bxf6 gxf6 11. Kb1 Qc5 12. Qxc5 Rxc5 13. Bd3 Rg8 14.
g3 1/2-1/2

[Event "Brackel- Lieme"]
[Site "?"]
[Date "2022.11.06"]
[Round "4.7"]
[White "Wolf, Andre"]
[Black "Korten, Lando"]
[Result "0-1"]
[WhiteElo "2095"]
[BlackElo "2133"]
[PlyCount "66"]
[SourceVersionDate "2023.06.22"]

1. d4 Nf6 2. Nf3 g6 3. c4 Bg7 4. e3 O-O 5. Be2 d6 6. Nc3 c5 7. d5 Na6 8. O-O
Rb8 9. e4 Nc7 10. a4 b6 11. Re1 a6 12. Qc2 Bd7 13. b3 Nxe4 14. Nxe4 Bxa1 15.
Nc3 Bf5 16. Bd3 Bxd3 17. Qxd3 Bxc3 18. Qxc3 f6 19. h4 Qd7 20. h5 e5 21. dxe6
Nxe6 22. hxg6 hxg6 23. Qd3 Kf7 24. Qd5 Rh8 25. g4 Rhe8 26. g5 Qb7 27. gxf6 Qxd5
28. cxd5 Nd4 29. Ng5+ Kxf6 30. Ne4+ Kg7 31. Bb2 Re5 32. Kg2 Rxd5 33. f4 Re8 0-1

[Event "Brackel- Lieme"]
[Site "?"]
[Date "2022.11.06"]
[Round "4.8"]
[White "Goldschmidt, Christian"]
[Black "Erofeev, Anastasia"]
[Result "1/2-1/2"]
[WhiteElo "2215"]
[BlackElo "2009"]
[PlyCount "151"]
[SourceVersionDate "2023.06.22"]

1. e4 c5 2. d4 cxd4 3. c3 d5 4. exd5 Qxd5 5. cxd4 e6 6. Nc3 Qd6 7. Nf3 Nf6 8.
Bc4 Be7 9. O-O O-O 10. a3 a6 11. Ba2 Nc6 12. Be3 b5 13. b4 Rd8 14. Qd3 Ne5 15.
Nxe5 Qxe5 16. dxe5 Rxd3 17. exf6 Bxf6 18. Ne4 Bxa1 19. Rxa1 Rxa3 20. Nc5 a5 21.
Rd1 Bd7 22. Bb3 Bc6 23. Bc1 Ra1 24. bxa5 R1xa5 25. Bb2 b4 26. Bd4 Rd8 27. Kf1
e5 28. Be3 Rxd1+ 29. Bxd1 Ra1 30. Ke2 Bxg2 31. Bb3 Bc6 32. Bd2 Rh1 33. Bxb4
Rxh2 34. Bc3 h5 35. Bxe5 Rg2 36. Nd3 Rg4 37. f3 Rg2+ 38. Ke3 h4 39. Nf2 Bd7 40.
Bd5 h3 41. f4 Rg1 42. Nh1 Kf8 43. Kf2 Rd1 44. Bf3 Rd2+ 45. Ke3 Rc2 46. Be4 Rc1
47. Kf2 f6 48. Bd6+ Kf7 49. Kg3 Bc6 50. Bxc6 Rxc6 51. Bb8 Rc3+ 52. Kh2 Rb3 53.
Bc7 g5 54. fxg5 fxg5 55. Bg3 g4 56. Nf2 Rb2 57. Kg1 Kg6 58. Nxh3 gxh3 59. Kh1
Kf5 60. Bc7 Kg4 61. Bd6 h2 62. Bxh2 Kh3 63. Bg1 Kg3 64. Bc5 Rb1+ 65. Bg1 Rb5
66. Ba7 Rb7 67. Bc5 Rd7 68. Bb6 Rh7+ 69. Kg1 Rb7 70. Bf2+ Kf3 71. Bc5 Rg7+ 72.
Kh1 Kg3 73. Bb6 Rb7 74. Bc5 Rb1+ 75. Bg1 Rxg1+ 76. Kxg1 1/2-1/2

[Event "Wattenscheid- Katernberg"]
[Site "?"]
[Date "2022.11.06"]
[Round "4.1"]
[White "Tomic, Bosko"]
[Black "Koscielski, Janusz"]
[Result "1/2-1/2"]
[WhiteElo "2423"]
[BlackElo "2260"]
[PlyCount "41"]
[SourceVersionDate "2023.06.22"]

1. e4 c6 2. d4 d5 3. Nd2 dxe4 4. Nxe4 Bf5 5. Ng3 Bg6 6. Bc4 Nf6 7. N1e2 e6 8.
O-O Bd6 9. Bf4 Qc7 10. Qd2 O-O 11. Rfe1 Nbd7 12. Bxd6 Qxd6 13. Nf4 Rfe8 14. c3
Rad8 15. Rad1 Nb6 16. Bb3 c5 17. Nxg6 hxg6 18. Qe3 c4 19. Bc2 Nbd5 20. Qf3 b5
21. Ne4 1/2-1/2

[Event "Wattenscheid- Katernberg"]
[Site "?"]
[Date "2022.11.06"]
[Round "4.2"]
[White "Straeter, Timo"]
[Black "Kueppers, Timo"]
[Result "1-0"]
[WhiteElo "2306"]
[BlackElo "2249"]
[PlyCount "93"]
[SourceVersionDate "2023.06.22"]

1. d4 Nf6 2. Nf3 e6 3. c4 Bb4+ 4. Nbd2 Be7 5. e3 d5 6. Bd3 O-O 7. O-O Nbd7 8.
b3 c5 9. Bb2 b6 10. cxd5 exd5 11. Qe2 Bb7 12. Ba6 Qc8 13. Bxb7 Qxb7 14. Rfd1
Rfe8 15. Ne5 Nf8 16. dxc5 bxc5 17. Ng4 N8d7 18. Rac1 Rac8 19. Ne5 Nf8 20. Qf3
a5 21. Ng4 N8d7 22. Nc4 Ne4 23. Qf5 Ndf6 24. Nxf6+ Nxf6 25. Bxf6 dxc4 26. Bxe7
Qxe7 27. Rxc4 g6 28. Qc2 Rc6 29. h3 Qe5 30. Qd2 Ra8 31. Qd5 Qxd5 32. Rxd5 a4
33. b4 Rb8 34. Rdxc5 Rxc5 35. bxc5 Kf8 36. Rxa4 Rb1+ 37. Kh2 Rc1 38. Ra5 h5 39.
Kg3 Rc2 40. a4 Rc4 41. Kf3 Ke7 42. Ra7+ Ke6 43. Ra6+ Ke5 44. c6 f6 45. a5 Rc5
46. Rb6 Kd6 47. c7+ 1-0

[Event "Wattenscheid- Katernberg"]
[Site "?"]
[Date "2022.11.06"]
[Round "4.3"]
[White "Rosen, Bernd"]
[Black "Wengenroth, Walter"]
[Result "1-0"]
[WhiteElo "2309"]
[BlackElo "2293"]
[PlyCount "47"]
[SourceVersionDate "2023.06.22"]

1. c4 e6 2. Nf3 d5 3. g3 Nf6 4. Bg2 Be7 5. O-O O-O 6. b3 b6 7. Bb2 Bb7 8. e3 c5
9. Nc3 dxc4 10. bxc4 Nc6 11. Qe2 Qc7 12. Rac1 Rfd8 13. d4 a6 14. Rfd1 Na5 15.
d5 exd5 16. cxd5 Nxd5 17. Nxd5 Rxd5 18. Nd4 Qd7 19. Bxd5 Qxd5 20. e4 Qg5 21.
Nf5 Bf8 22. h4 Qg6 23. Bxg7 Re8 24. Bxf8 1-0

[Event "Wattenscheid- Katernberg"]
[Site "?"]
[Date "2022.11.06"]
[Round "4.4"]
[White "Sandkamp, Ralph"]
[Black "Schimnatkowski, Lukas"]
[Result "0-1"]
[WhiteElo "2230"]
[BlackElo "2194"]
[Annotator "daniel"]
[PlyCount "52"]
[SourceVersionDate "2023.06.22"]

1. Nf3 c5 2. b3 Nf6 3. Bb2 e6 4. c4 Be7 5. e3 b6 6. Nc3 Bb7 7. Be2 O-O 8. O-O
d5 9. cxd5 Nxd5 10. d4 Nxc3 11. Bxc3 Bf6 12. Rc1 Nd7 13. dxc5 Bxc3 14. c6 Bxc6
15. Rxc3 Bd5 16. Qc2 Nc5 17. Nd2 Qg5 18. Bf3 Rad8 $11 19. b4 Nd7 20. Rc7 Ne5
21. Bxd5 Rxd5 22. Kh1 Qh4 23. f4 Rfd8 24. fxe5 Rxd2 25. Qc6 Qf2 26. Rg1 Rd1 0-1

[Event "Wattenscheid- Katernberg"]
[Site "?"]
[Date "2022.11.06"]
[Round "4.5"]
[White "Wessendorf, Thomas"]
[Black "Thiel, Thomas"]
[Result "0-1"]
[WhiteElo "2252"]
[BlackElo "2241"]
[PlyCount "80"]
[SourceVersionDate "2023.06.22"]

1. e4 d5 2. exd5 Nf6 3. c4 c6 4. Nc3 cxd5 5. d4 Nc6 6. Nf3 Be6 7. c5 g6 8. Bb5
Bg7 9. O-O O-O 10. Bxc6 bxc6 11. Qa4 Qc7 12. Re1 a5 13. Ne5 Ng4 14. Bf4 Nxe5
15. Bxe5 Bxe5 16. Rxe5 Rab8 17. Qc2 Bf5 18. Qe2 Rfe8 19. g4 Bc8 20. g5 Bf5 21.
Re1 Rb4 22. Qd2 e6 23. b3 Reb8 24. Qf4 Qa7 25. Qe3 Qa6 26. Rd1 a4 27. Nxa4 Rxa4
28. bxa4 Qxa4 29. Rd2 Rb1+ 30. Kg2 Qc4 31. Re2 Rd1 32. Rxf5 gxf5 33. Re1 Rxe1
34. Qxe1 Qxd4 35. Qe3 Qxe3 36. fxe3 Kf8 37. Kf3 e5 38. Ke2 Ke7 39. Kd3 Kd7 40.
Kc3 Kc7 0-1

[Event "Wattenscheid- Katernberg"]
[Site "?"]
[Date "2022.11.06"]
[Round "4.6"]
[White "Hirsch, Stefan"]
[Black "Bee, Marcus"]
[Result "1/2-1/2"]
[WhiteElo "2133"]
[BlackElo "2209"]
[PlyCount "46"]
[SourceVersionDate "2023.06.22"]

1. c4 d6 2. Nf3 e5 3. d4 e4 4. Ng5 f5 5. Nh3 Be7 6. Nc3 Nf6 7. Nf4 c6 8. h4 Na6
9. e3 O-O 10. Bd2 Nc7 11. b4 Ne6 12. Nxe6 Bxe6 13. b5 c5 14. d5 Bf7 15. Ne2 Ng4
16. g3 Ne5 17. Ng1 Bf6 18. Rb1 a6 19. b6 Qe7 20. Be2 Rae8 21. Nh3 g6 22. Qb3 h6
23. Kd1 Kg7 1/2-1/2

[Event "Wattenscheid- Katernberg"]
[Site "?"]
[Date "2022.11.06"]
[Round "4.7"]
[White "Meyer, Armin"]
[Black "Schroeder, Wilfried"]
[Result "1/2-1/2"]
[WhiteElo "2199"]
[BlackElo "2192"]
[PlyCount "89"]
[SourceVersionDate "2023.06.22"]

1. Nf3 d5 2. c4 e6 3. g3 Nf6 4. Bg2 dxc4 5. Qa4+ c6 6. Qxc4 b5 7. Qc2 Bb7 8. a4
a6 9. d4 Nbd7 10. O-O c5 11. axb5 axb5 12. Rxa8 Qxa8 13. dxc5 Bxc5 14. Qb3 O-O
15. Ne1 Bxg2 16. Nxg2 Qd5 17. Nd2 Rc8 18. Nf4 Qxb3 19. Nxb3 Bb6 20. Kg2 Rc2 21.
Rd1 h6 22. Kf1 Kf8 23. Nd3 Ke7 24. Bd2 Rc8 25. Bb4+ Ke8 26. Bc3 g6 27. Nd4 Bxd4
28. Bxd4 Rc4 29. Bxf6 Nxf6 30. Ra1 Rd4 31. Ra5 Rd5 32. f3 e5 33. Ra8+ Ke7 34.
Ra7+ Ke8 35. Ra8+ Ke7 36. Rb8 e4 37. fxe4 Nxe4 38. Rb7+ Ke8 39. Kg2 Nd6 40. Rc7
Rd4 41. Kf3 h5 42. Ke3 Re4+ 43. Kf3 Rd4 44. Ke3 Re4+ 45. Kf3 1/2-1/2

[Event "Wattenscheid- Katernberg"]
[Site "?"]
[Date "2022.11.06"]
[Round "4.8"]
[White "Peter, Thomas"]
[Black "Gruenter, Martin"]
[Result "1-0"]
[WhiteElo "2227"]
[BlackElo "2187"]
[PlyCount "103"]
[SourceVersionDate "2023.06.22"]

1. e4 c5 2. Nf3 d6 3. Bb5+ Bd7 4. Bxd7+ Qxd7 5. O-O Nc6 6. d4 cxd4 7. Nxd4 Nf6
8. Re1 g6 9. Nc3 Bg7 10. Nf3 O-O 11. Bg5 Ng4 12. Qd2 Rfe8 13. Rad1 Rac8 14. Nd5
e6 15. Ne3 Nxe3 16. Rxe3 f6 17. Bh4 g5 18. Bg3 g4 19. Nh4 Bh6 20. Qe2 Bxe3 21.
Qxe3 Ne5 22. c3 Red8 23. f3 Qg7 24. f4 Nc4 25. Qe2 h5 26. b3 Nb6 27. f5 e5 28.
c4 Nd7 29. Rxd6 Nf8 30. Rd5 Rxd5 31. exd5 b5 32. Bf2 bxc4 33. bxc4 Qg5 34. c5
Qc1+ 35. Qf1 Qxf1+ 36. Kxf1 Nd7 37. c6 Nb6 38. Bxb6 axb6 39. Ke2 Kf7 40. Ng6
Ke8 41. Kd3 Kd8 42. Nf8 Kc7 43. Nd7 g3 44. hxg3 Rg8 45. Nxf6 Rxg3+ 46. Ke4 h4
47. Ne8+ Kd8 48. c7+ Kd7 49. f6 Rg8 50. f7 Rf8 51. Kxe5 Rxf7 52. c8=Q+ 1-0

[Event "Köln- Solingen 3"]
[Site "?"]
[Date "2022.11.06"]
[Round "4.1"]
[White "Schaefer, Markus"]
[Black "Strohhaeker, Raoul"]
[Result "1/2-1/2"]
[WhiteElo "2353"]
[BlackElo "2429"]
[Annotator "daniel"]
[PlyCount "86"]
[SourceVersionDate "2023.06.22"]

1. e4 c5 2. Nf3 e6 3. g3 Nc6 4. Bg2 Nf6 5. Qe2 Be7 6. e5 Nd5 7. O-O b5 8. d3
Bb7 9. c4 Nc7 10. Nc3 b4 11. Ne4 Na6 12. Bf4 Qb6 13. Bg5 O-O 14. Bxe7 Nxe7 15.
Nd6 Bc6 16. Nd2 $11 Bxg2 17. Kxg2 f6 18. f4 Nb8 19. N6e4 f5 20. Nd6 Nbc6 21.
Nf3 h6 22. Rad1 Kh7 23. h4 g6 24. Qf2 Nd4 25. Nxd4 cxd4 26. Rc1 Qc5 27. Qe2 h5
28. Qf3 Rab8 29. Kh3 Nc8 30. Nxc8 Rfxc8 31. Rf2 Rb6 32. Ra1 Rcc6 33. Qg2 Ra6
34. Re2 Ra4 35. Qh1 Qa5 36. Qg1 Qc5 37. Qh1 Kh6 38. Qg2 Qa5 39. Qg1 Qc5 40. Qh1
Kg7 41. Kh2 Kf7 42. Qg2 Ke7 43. Rd2 Qa5 1/2-1/2

[Event "Köln- Solingen 3"]
[Site "?"]
[Date "2022.11.06"]
[Round "4.3"]
[White "Berg, Michael"]
[Black "Wacker, Peter"]
[Result "1-0"]
[WhiteElo "2323"]
[BlackElo "2271"]
[PlyCount "83"]
[SourceVersionDate "2023.06.22"]

1. d4 d5 2. c4 e6 3. Nf3 Nf6 4. g3 Bb4+ 5. Bd2 a5 6. Bg2 O-O 7. O-O c5 8. cxd5
exd5 9. Bg5 c4 10. Nc3 Be6 11. Ne5 Be7 12. f4 Nc6 13. e3 Ne8 14. Nxc6 bxc6 15.
Bxe7 Qxe7 16. f5 Bd7 17. e4 dxe4 18. Nxe4 Nf6 19. Qc2 Rab8 20. Rae1 Nxe4 21. f6
Qd6 22. Rxe4 Rfe8 23. Rh4 g6 24. Qxc4 Rxb2 25. Qc1 Rxg2+ 26. Kxg2 Qd5+ 27. Kg1
Re2 28. Rf2 Rxf2 29. Kxf2 g5 30. Qb1 h5 31. Qb8+ Kh7 32. Rxh5+ Kg6 33. Qg8+
Kxf6 34. Qh8+ Ke7 35. Qe5+ Qxe5 36. dxe5 g4 37. Ke3 Be6 38. a3 c5 39. Rh8 Kd7
40. Ra8 Kc6 41. Rxa5 Kd5 42. a4 1-0

[Event "Köln- Solingen 3"]
[Site "?"]
[Date "2022.11.06"]
[Round "4.4"]
[White "Bayer, Ernst- Wolfgang"]
[Black "Wickenfeld, Stefan"]
[Result "0-1"]
[WhiteElo "2216"]
[BlackElo "2220"]
[PlyCount "68"]
[SourceVersionDate "2023.06.22"]

1. Nf3 Nf6 2. g3 d5 3. Bg2 g6 4. b3 Bg7 5. Bb2 O-O 6. O-O b6 7. c4 e6 8. cxd5
Nxd5 9. Bxg7 Kxg7 10. Qc1 Bb7 11. Nc3 c5 12. d4 Nxc3 13. Qxc3 Qf6 14. Rac1 Nd7
15. Rfd1 Rfd8 16. b4 cxd4 17. Nxd4 Bxg2 18. Kxg2 Ne5 19. h3 g5 20. e3 h5 21. f4
gxf4 22. exf4 Ng6 23. f5 Rac8 24. Qxc8 Rxc8 25. Rxc8 exf5 26. Rc3 f4 27. Rf3
Qg5 28. Kh2 fxg3+ 29. Kg1 Nh4 30. Rfd3 Qe5 31. R3d2 Qe3+ 32. Kh1 Kh7 33. Re2
g2+ 34. Rxg2 Qe4 0-1

[Event "Köln- Solingen 3"]
[Site "?"]
[Date "2022.11.06"]
[Round "4.5"]
[White "Gupta, Milon"]
[Black "Bonnmann, Reinhard"]
[Result "1/2-1/2"]
[WhiteElo "2178"]
[BlackElo "2262"]
[PlyCount "33"]
[SourceVersionDate "2023.06.22"]

1. Nf3 Nf6 2. b3 g6 3. Bb2 Bg7 4. e3 O-O 5. Be2 c5 6. O-O b6 7. c4 Bb7 8. Nc3
d5 9. Nxd5 Nxd5 10. Bxg7 Kxg7 11. cxd5 Qxd5 12. d4 cxd4 13. Qxd4+ Qxd4 14. Nxd4
Rc8 15. Rfc1 Nd7 16. Bb5 Nf6 17. Bc6 1/2-1/2

[Event "Köln- Solingen 3"]
[Site "?"]
[Date "2022.11.06"]
[Round "4.6"]
[White "Wisskirchen, Andreas"]
[Black "Borchert, Stephan"]
[Result "1-0"]
[WhiteElo "2207"]
[BlackElo "2090"]
[PlyCount "83"]
[SourceVersionDate "2023.06.22"]

1. Nf3 Nf6 2. d4 g6 3. c4 Bg7 4. Nc3 O-O 5. g3 d6 6. Bg2 Nc6 7. d5 Na5 8. Nd2
c5 9. dxc6 Nxc6 10. O-O Be6 11. e4 Nd7 12. Nd5 Nde5 13. Qb3 Rb8 14. f4 Nd4 15.
Qd1 Bg4 16. Qa4 Nd3 17. Kh1 Be2 18. Qxa7 Bxf1 19. Bxf1 Nxc1 20. Rxc1 e6 21. Nc3
Qc7 22. Qa4 Qb6 23. Rb1 Ra8 24. Qd1 h5 25. a3 h4 26. Nf3 Nxf3 27. Qxf3 hxg3 28.
Qxg3 Qb3 29. Nb5 Qa2 30. Bd3 Rad8 31. f5 Be5 32. Qg4 Kg7 33. fxg6 f5 34. Qh4
Rh8 35. Qe7+ Kh6 36. g7 Rhe8 37. Qh4+ Kg6 38. exf5+ exf5 39. Qg4+ Kf7 40. Qxf5+
Ke7 41. Rf1 Rd7 42. Qf8+ 1-0

[Event "Köln- Solingen 3"]
[Site "?"]
[Date "2022.11.06"]
[Round "4.7"]
[White "Auer, Martin"]
[Black "Schmidt, Martin"]
[Result "1/2-1/2"]
[WhiteElo "2231"]
[BlackElo "2221"]
[PlyCount "26"]
[SourceVersionDate "2023.06.22"]

1. e4 c5 2. Nf3 e6 3. d4 cxd4 4. Nxd4 Nf6 5. Nc3 Nc6 6. Ndb5 Bc5 7. Nd6+ Ke7 8.
Nxc8+ Rxc8 9. Bd3 d5 10. O-O dxe4 11. Nxe4 Nxe4 12. Bxe4 Qxd1 13. Rxd1 Rhd8
1/2-1/2

[Event "Köln- Solingen 3"]
[Site "?"]
[Date "2022.11.06"]
[Round "4.8"]
[White "Maric, Boris"]
[Black "Peschel, Andreas"]
[Result "1-0"]
[WhiteElo "2059"]
[BlackElo "2090"]
[PlyCount "49"]
[SourceVersionDate "2023.06.22"]

1. d4 d5 2. c4 c6 3. Nc3 Nf6 4. Nf3 e6 5. Bg5 h6 6. Bh4 dxc4 7. e4 g5 8. Bg3 b5
9. Be2 b4 10. Na4 Nxe4 11. Be5 Nf6 12. Nc5 Nbd7 13. Nxd7 Bxd7 14. h4 gxh4 15.
Bxc4 Bg7 16. Rxh4 O-O 17. Qd2 c5 18. Rxh6 Ng4 19. Bxg7 Kxg7 20. Rh4 e5 21. dxe5
Qe7 22. O-O-O Rad8 23. Qf4 Rh8 24. Rxd7 Qxd7 25. Qg5+ 1-0

[Event "Hansa Dortmund- Münster"]
[Site "?"]
[Date "2022.11.06"]
[Round "4.1"]
[White "Schmitzer, Klaus"]
[Black "Klyuner, Vyacheslav"]
[Result "1-0"]
[WhiteElo "2254"]
[BlackElo "2430"]
[PlyCount "71"]
[SourceVersionDate "2023.06.22"]

1. e4 d6 2. d4 Nf6 3. Nc3 e5 4. Nge2 Nbd7 5. f3 g6 6. Be3 Bg7 7. Qd2 O-O 8. g4
c6 9. Ng3 b5 10. g5 Ne8 11. h4 b4 12. Nd1 Nc7 13. f4 exf4 14. Bxf4 Ne6 15. Be3
c5 16. dxc5 dxc5 17. Bc4 Ne5 18. Qxd8 Rxd8 19. Bd5 Rb8 20. a3 b3 21. cxb3 Ba6
22. Kf2 Nc7 23. b4 Nd3+ 24. Kg1 Nxd5 25. exd5 Rxd5 26. Ne4 Re8 27. Nf6+ Bxf6
28. gxf6 Nxb2 29. Nxb2 Rxe3 30. Rd1 Rxd1+ 31. Nxd1 Bb7 32. Nxe3 Bxh1 33. Kxh1
cxb4 34. axb4 Kf8 35. Nc4 Ke8 36. Ne5 1-0

[Event "Hansa Dortmund- Münster"]
[Site "?"]
[Date "2022.11.06"]
[Round "4.3"]
[White "Wolter, Kai"]
[Black "Karger, Frank"]
[Result "1-0"]
[WhiteElo "2226"]
[BlackElo "2253"]
[PlyCount "61"]
[SourceVersionDate "2023.06.22"]

1. e4 c6 2. d4 d5 3. e5 c5 4. dxc5 e6 5. Nf3 Bxc5 6. Bd3 Ne7 7. O-O Nbc6 8. a3
a5 9. Re1 Ng6 10. Nc3 O-O 11. Bg5 Qc7 12. Qe2 Bd7 13. h4 Nd4 14. Nxd4 Bxd4 15.
Rad1 Bxe5 16. Bxg6 Bxc3 17. Bxh7+ Kxh7 18. Qd3+ Kg8 19. bxc3 Rac8 20. Bd2 Rfd8
21. h5 e5 22. h6 Be6 23. hxg7 f6 24. Bh6 Qxc3 25. Qg6 e4 26. Be3 Qe5 27. Bd4
Qf5 28. Qxf6 Qxf6 29. Bxf6 Rd6 30. Rd2 Rdc6 31. Rb1 1-0